| 000 | 00601nam a2200193Ia 4500 | ||
|---|---|---|---|
| 008 | 121008t2006 xxu||||| |||| 00| 0 sin d | ||
| 041 | _asin | ||
| 080 |
_a8-3 (Youth) (Russian) _bDIM |
||
| 100 | _aDimithriyew,Yuri | ||
| 245 | _aග්රිගෝරී කොතොව්ස්කී | ||
| 246 | _aGrigori Kothovski | ||
| 260 |
_aWijesuriya _aMulleriyawa _c2006 |
||
| 300 | _b68p, ill, 21 cm | ||
| 500 | _aSinhalese Translation Of Yuri Dimithriyew's of Grigori Kothowski | ||
| 700 |
_aKasthurirathna,Malrenu _etr. |
||
| 942 | _cBK | ||
| 999 |
_c43572 _d43572 |
||
| 003 | LK-CoDNM | ||
| 040 |
_aLK-CoDNM _dLK-CoDNM _eLK-CoDNM |
||